Flipped Countries of the World - Statistics

General Stats
  • This quiz has been taken 22 times
    20 since last reset
  • The average score is 124 of 196
Answers on the Map
Answers color-coded by a green-red scale on the quiz's map according to % correct below.
 
Answer Stats
Hint Hint Country % Correct
266 294 Brazil
81%
143 66 Canada
81%
151.0 182.0 Mexico
81%
153 129 United States
81%
234.0 373.0 Argentina
75%
421.0 113.0 Bosnia and Herzegovina
75%
218 384 Chile
75%
404.0 89.9 Germany
75%
393 86.9 Netherlands
75%
577 52 Russia
75%
528.0 149.2 Afghanistan
69%
425.5 124.0 Albania
69%
384.2 167.2 Algeria
69%
384.0 118.7 Andorra
69%
420.0 301.2 Angola
69%
683.0 342.0 Australia
69%
443.4 81.2 Belarus
69%
391.0 91.0 Belgium
69%
615.0 140.9 China
69%
418.0 108.0 Croatia
69%
206.0 190.2 Cuba
69%
401.5 73.5 Denmark
69%
204.0 265.5 Ecuador
69%
447.0 171.3 Egypt
69%
439.0 64.8 Estonia
69%
437 52 Finland
69%
386 105 France
69%
430 129 Greece
69%
341 43 Iceland
69%
556 185.9 India
69%
635.5 264 Indonesia
69%
501.3 152.5 Iran
69%
478.8 149.9 Iraq
69%
363.0 82.5 Ireland
69%
416.4 124.2 Italy
69%
693.3 140.0 Japan
69%
533.0 100.0 Kazakhstan
69%
465.8 259.9 Kenya
69%
427.5 118.5 Kosovo
69%
434.3 76.3 Lithuania
69%
394.3 94.2 Luxembourg
69%
486.0 324.3 Madagascar
69%
444.4 102.0 Moldova
69%
776.7 391.9 New Zealand
69%
403.3 203.9 Niger
69%
398.0 230.8 Nigeria
69%
665.7 127 North Korea
69%
429.5 121.7 North Macedonia
69%
401.7 57 Norway
69%
703.7 282.4 Papua New Guinea
69%
208 292 Peru
69%
423.6 87.1 Poland
69%
361.7 127.6 Portugal
69%
436.7 107.1 Romania
69%
482.1 179.9 Saudi Arabia
69%
427.6 113.0 Serbia
69%
488 230 Somalia
69%
431 365 South Africa
69%
669 139 South Korea
69%
372 127.5 Spain
69%
414.3 60.5 Sweden
69%
398.4 103.5 Switzerland
69%
460.3 130.6 Turkey
69%
450.6 96.0 Ukraine
69%
502.0 182.5 United Arab Emirates
69%
377 86 United Kingdom
69%
254.9 370.2 Uruguay
69%
408.5 120.7 Vatican City
69%
624.3 219.9 Vietnam
69%
209.0 180.9 Bahamas
63%
494.3 174.0 Bahrain
63%
435.0 336.1 Botswana
63%
437.8 117.9 Bulgaria
63%
447.8 272.6 Burundi
63%
422.6 209.4 Chad
63%
216.3 247.5 Colombia
63%
479.4 301.4 Comoros
63%
192.0 228.0 Costa Rica
63%
414.0 93.8 Czech Republic
63%
433.0 267.2 Democratic Republic of the Congo
63%
395.5 260.6 São Tomé and Príncipe
63%
242.4 209.5 Dominica
63%
221 197 Dominican Republic
63%
404.0 255.8 Equatorial Guinea
63%
470.0 234.2 Ethiopia
63%
717.7 235.2 Federated States of Micronesia
63%
782.9 320.1 Fiji
63%
406.5 264 Gabon
63%
344 216 Gambia
63%
479 120 Georgia
63%
378.2 234.5 Ghana
63%
353.3 224.2 Guinea
63%
347.7 220.3 Guinea-Bissau
63%
218 196 Haiti
63%
184.5 210.7 Honduras
63%
424.4 103.1 Hungary
63%
459.0 157.0 Israel
63%
206 200.2 Jamaica
63%
462.3 158.9 Jordan
63%
487.0 162.9 Kuwait
63%
438.0 70.6 Latvia
63%
461.7 146.8 Lebanon
63%
419.3 172.9 Libya
63%
402.0 103.1 Liechtenstein
63%
610.3 247.2 Malaysia
63%
377 202.2 Mali
63%
397.2 114.5 Monaco
63%
614.2 104.1 Mongolia
63%
423.7 117.8 Montenegro
63%
366.0 153.5 Morocco
63%
467 309.5 Mozambique
63%
418 328 Namibia
63%
755 264 Nauru
63%
569.8 166.5 Nepal
63%
188.2 218.1 Nicaragua
63%
509.33 187.2 Oman
63%
535.7 164.2 Pakistan
63%
198 232.5 Panama
63%
248.9 339.7 Paraguay
63%
495.7 176.2 Qatar
63%
416.9 260.5 Republic of the Congo
63%
447.8 267.7 Rwanda
63%
408.5 113.9 San Marino
63%
347 212 Senegal
63%
506.5 276 Seychelles
63%
354.0 232.9 Sierra Leone
63%
614.2 256.7 Singapore
63%
423.0 98.0 Slovakia
63%
413.0 106.5 Slovenia
63%
449.6 239.5 South Sudan
63%
562 235.3 Sri Lanka
63%
448.5 209.5 Sudan
63%
467.0 143.0 Syria
63%
459.1 282.5 Tanzania
63%
608.0 207.9 Thailand
63%
383.0 232.4 Togo
63%
798.1 328.7 Tonga
63%
401 148 Tunisia
63%
525 122.5 Uzbekistan
63%
488.3 208.2 Yemen
63%
447.0 325.0 Zimbabwe
63%
241.4 204.0 Antigua and Barbuda
56%
480.5 125.0 Armenia
56%
414.2 100.9 Austria
56%
487.6 125.0 Azerbaijan
56%
583.0 181.8 Bangladesh
56%
385.7 225.0 Benin
56%
584.1 169.4 Bhutan
56%
236.0 319.0 Bolivia
56%
638.6 246.1 Brunei
56%
377.0 219.0 Burkina Faso
56%
616.0 219.1 Cambodia
56%
407.0 247.0 Cameroon
56%
326.7 206.9 Cape Verde
56%
455.3 143.7 Cyprus
56%
427.6 239.0 Central African Republic
56%
476.4 221.6 Djibouti
56%
664.3 290.8 East Timor
56%
180.4 215.0 El Salvador
56%
451.3 350.1 Eswatini
56%
177.4 210.0 Guatemala
56%
248 242 Guyana
56%
368.0 235.9 Ivory Coast
56%
21.0 272.0 Kiribati
56%
548.0 122.0 Kyrgyzstan
56%
610.3 194.9 Laos
56%
444.0 360.5 Lesotho
56%
359.2 239.6 Liberia
56%
456.0 307.0 Malawi
56%
545.9 248.9 Maldives
56%
412.9 141.1 Malta
56%
760.6 232.2 Marshall Islands
56%
354 195.5 Mauritania
56%
510.1 329.1 Mauritius
56%
597.0 188.5 Myanmar
56%
680.5 241.3 Palau
56%
657 220.6 Philippines
56%
239.4 203.4 Saint Kitts and Nevis
56%
243.2 214.6 Saint Lucia
56%
242.7 216.8 Saint Vincent and the Grenadines
56%
802.8 307.7 Samoa
56%
742.1 295.0 Solomon Islands
56%
254.4 248.1 Suriname
56%
652.9 182.1 Taiwan
56%
545.2 133.5 Tajikistan
56%
242.5 226.6 Trinidad and Tobago
56%
513.0 130.6 Turkmenistan
56%
785 295.3 Tuvalu
56%
453.1 256.6 Uganda
56%
759 318.6 Vanuatu
56%
232 235 Venezuela
56%
438 310 Zambia
56%
246.5 217.0 Barbados
50%
180.9 203.6 Belize
50%
466.3 209.2 Eritrea
50%
241.6 220.6 Grenada
50%
No matching quizzes found
Score Distribution
Percent of People with Each Score
Percentile by Number Answered
Your Score History
You have not taken this quiz since the last reset